TOP 10 POLSKICH KANAŁÓW W 30s - Statystyki

Ogólne statystyki
  • Ten quiz został rozwiązany 815 razy
  • Średni wynik to 4 z 10
Statystyki odpowiedzi
Hint Odpowiedź % Poprawnych
1 Blowek
95%
2 Stuu
76%
3 reZigiusz
68%
4 SA Wardega
58%
5 AbstrachujeTV
34%
8 Lord Kruszwil
30%
9 Naruciak
25%
6 Bazylland
13%
7 Step Records
13%
10 Planeta Faktów
7%
Nie znaleziono quizów pasujących do podanych kryteriów
Rozkład punktacji
Procent ludzi z każdym wynikiem
Percentyl według liczby udzielonych odpowiedzi
Twoja historia wyników
Nie rozwiązałeś tego quizu